Album - So Close to What by Tate McRae - Statistics

General Stats
  • This quiz has been taken 426 times
  • The average score is 13 of 15
Answer Stats
Songs % Correct
4 (ft.Flo Milli) Bloodonmyhands
96%
9 (ft. the Kid Laroi) I Know Love
96%
1 Miss Possessive
95%
7 Sports Car
94%
2 2 Hands
91%
3 Revolving Door
90%
15 Nostalgia
89%
11 It's OK I'm OK
88%
6 Purple Lace Bra
87%
14 Greenlight
86%
5 Dear God
85%
12 No I'm Not In Love
82%
8 Signs
79%
10 Like I Do
78%
13 Means I Care
78%
No matching quizzes found
Score Distribution
Percent of People with Each Score
Percentile by Number Answered
Your Score History
You have not taken this quiz